| 000 | 00729nam a2200229Ia 4500 | ||
|---|---|---|---|
| 008 | 191130s2007##################000#0#eng## | ||
| 020 | _a9781403996282 | ||
| 022 | _a2006051026 | ||
| 040 |
_aACL _cACL |
||
| 082 | _a330.156 TIL | ||
| 100 | _aTily, Geoff | ||
| 245 |
_aKeynes's general theory, the rate of interest and Keynesian economics : Keynes betrayed _cGeoff Tily |
||
| 260 |
_aNew York _bPalgrave Macmillan _c2007 |
||
| 300 | _ax, 346 p. : ill. ; 23 cm | ||
| 500 | _aIncludes bibliographical references (p. 325-335) and index | ||
| 650 | _aKeynesian economics | ||
| 650 | _aMacroeconomics | ||
| 700 | _aKeynes, John Maynard | ||
| 990 | _ae3b45f03ac10000c2714b6652f973bfc | ||
| 991 | _a39974 | ||
| 999 |
_c226020 _d226020 |
||